000 01109nam a2200289Ia 4500
003 OSt
005 20221005110552.0
006 a|||||r|||| 00| 0
007 ta
008 221004b |||||||| |||| 00| 0 hin d
020 _a9788126316229 (hbk)
_cINR 110.00
024 _a37763
037 _bBW/1688, 15/03/2018, Bookwell
_cTextual
040 _aCRL
_cCRL
_bhin
041 _2hin
_ahin
082 _aO152,3N40,KK, Q1
100 _aकोहली, नरेन्द्र, ले.
245 0 _aक्षमा करना जीजी
246 _aKṣhamā karanā jījī
260 _aनई दिल्ली
_bभारतीय ज्ञानपीठ भारत
_c2011
300 _a110पृ0
_ccm.
490 _aलोकोदय ग्रन्थमाला; ग्रन्थांक 585
650 _a हिन्दी साहित्य
650 _aहिन्दी कहानी
942 _hO152,3N40,KK, Q1
_cTEXL
_2cc
999 _c1019236
_d1019236